MARC

Tag First Indicator Second Indicator Subfields
LEADER 00000cam a2200000Ia 4500
001 in00002782859
005 20150922150347.0
008 120524s2012 nyua 000 0 eng d
016 7 |a 016196317  |2 Uk 
020 |a 9781597111249 
020 |a 1597111244 
035 |a (OCoLC)ocn794365205 
035 |a (OCoLC)794365205 
040 |a BTCTA  |b eng  |c BTCTA  |d YDXCP  |d UKMGB  |d IAC  |d MZA  |d BWX  |d TXA  |d UtOrBLW 
043 |a e-fr--- 
049 |a TXAM 
050 4 |a TR647.S85  |b A4 2012 
050 4 |a TR655  |b .S85 2012 
092 |a 779.092  |b S8971P 
100 1 |a Strand, Paul,  |d 1890-1976. 
245 1 4 |a The garden at Orgeval /  |c Paul Strand ; selection and essay by Joel Meyerowitz. 
250 |a 1st ed. 
264 1 |a New York :  |b Aperture ;  |a New York :  |b Available in North America through Artbook/D.A.P.,  |c [2012] 
264 4 |c ©2012 
300 |a 96 unnumbered pages :  |b illustrations ;  |c 28 cm. 
336 |a text  |b txt  |2 rdacontent 
337 |a unmediated  |b n  |2 rdamedia 
338 |a volume  |b nc  |2 rdacarrier 
600 1 0 |a Strand, Paul,  |d 1890-1976. 
600 1 0 |a Strand, Paul,  |d 1890-1976  |x Homes and haunts  |z France  |z Orgeval (Yvelines)  |v Pictorial works. 
650 0 |a Gardens  |z France  |z Orgeval (Yvelines)  |v Pictorial works. 
650 0 |a Photography, Artistic  |y 20th century. 
651 0 |a Orgeval (Yvelines, France)  |v Pictorial works. 
650 0 |a Photography of gardens  |z France  |z Orgeval (Yvelines) 
700 1 |a Meyerowitz, Joel,  |d 1938- 
945 |a PromptCat  |b 108315 
946 |a stk 
947 |a A14835931364 
994 |a C0  |b TXA 
948 |a cataloged  |b h  |c 2012/12/6  |d c  |e nbehmer  |f 4:07:06 pm 
999 |a MARS 
999 f f |s 8bc888c4-d90f-3e39-bb7f-0db2699d6aa5  |i 94bee3ae-83eb-3c31-b492-714c1369ad40  |t 0 
952 f f |p ric  |a Texas A&M University  |b Rellis Campus  |c Joint Library Facility  |d Remote Storage  |t 0  |e TR655 .S85 2012  |h Library of Congress classification  |i unmediated -- volume  |m A14835931364 
998 f f |a TR655 .S85 2012  |t 0  |l Remote Storage